000 00408nam a2200157Ia 4500
008 151021s9999 xx 000 0 und d
020 _a133849422
050 _aQC 320.T493 1992
245 _a_Heat Tranfer
260 _aUSA Prentice Hall 1992
300 _axi,804p.
500 _aIncludes index
500 _aIncludes index
650 _a_Heat- transmission
980 _a^d20130522 04:46:02^oanne
999 _c13637
_d13637